| 000 | 00751cam a2200205 4500 | ||
|---|---|---|---|
| 001 | ABS61883 | ||
| 008 | 000000n2000 000 0 eng u | ||
| 035 | _a(Sirsi) u104150 | ||
| 100 | _aKlein, R. | ||
| 245 | _aIs there a case for a tendering statute? | ||
| 260 | _c2000 | ||
| 490 |
_aConstruction News _v(6650)27 January 2000, 23(1) |
||
| 520 | _aFollowing the decision in "Harmon CFEM Facades (UK) v Corporate Officer of House of Commons" argues for tendering legislation to improve efficiency and reduce costs | ||
| 590 | _aABS | ||
| 650 | _aHARMON CFEM FACADES (UK) V CORPORATE OFFICER OF THE HOUSE OF COMMONS | ||
| 650 | _aTENDERING | ||
| 650 | _aBLACKPOOL FYLDE AERO CLUB V BLACKPOOL BC | ||
| 690 |
_aProcurement _96260 |
||
| 942 | _n0 | ||
| 999 |
_c62510 _d62510 |
||